• 首页
  • 本馆介绍
  • 公告通知
  • 最新文献
  • 馆藏检索
  • 电子资源
  • 读者导购
  • 参考咨询
  • 我的图书馆
  • 登录
  • 详细信息显示
  • 放入我的书架
  • 预约/预借图书
  • 作者相关作品
  • 分类相关作品
  • 丛书相关作品
  • 出版社相关作品

书目信息

  • 表格格式
  • 工作单格式
  • 卡片格式
题名:
围棋手筋辞典
    
 
作者: 藤泽秀行 著 ;吴仁 译
分册: 下册  
出版信息: 北京   中国青年出版社  1990.09
页数: 409-505页
开本: 21cm
丛书名:
单 册:
中图分类: G891.3
科图分类:
主题词: 文娱性体育活动
电子资源:
ISBN: 7-5006-0744-X
000 00602nam0 2200205 45
001 0409211435
005 20040921150543.8
010    @a7-5006-0744-X@dCNY24.00
100    @a20040921d1990 km y0chiy0120 ea
101 0  @achi
105    @a z 000yy
200 1  @a围棋手筋辞典@h下册@AWei Qi Shou Jin Ci Dian@f藤泽秀行著@FTeng Ze Xiu Xing Zhu@g吴仁译
210    @a北京@c中国青年出版社@d1990.09
215    @a409-505页@d21cm
606 0  @a文娱性体育活动
690    @aG891.3@v3
701  0 @a藤泽秀行@4著
702  0 @a吴仁@AWu Ren@4译
801    @aCN@bPftUser@c20040921
905    @f1@b234280@dG891.3@e118:3(2)
    
    围棋手筋辞典.下册/藤泽秀行著/吴仁译.-北京:中国青年出版社,1990.09
    409-505页;21cm
    
    
    ISBN 7-5006-0744-X:CNY24.00
    
●
相关链接 在E读中查询图书 在五车中查询图书 在当当中查询图书 在豆瓣中查询图书


正题名:围棋手筋辞典     索取号:G891.3/118:3(2)         预约/预借

序号 登录号 条形码 馆藏地/架位号 状态 备注
1 0234280   000305789   工具书阅览室/ [索取号:G891.3/118:3(2)] 在馆    
2 0234281   000305878   第一样本阅览室/ [索取号:G891.3/118:3(2)] 在馆    
唐山师范学院图书馆 欢迎您!
大连网信软件有限公司© 版权所有